000 00636nam a22001697a 4500
999 _c216485
_d216485
005 20260325120846.0
008 260325b ||||| |||| 00| 0 eng d
040 _aLC
_cUNZA
_dUNZA
_eRDA
099 _aGOV.ZAM (02) 2022
110 _aMinistry of Community Development and Social Services
245 _aNatioal Participation framework
_cMinistry of Community Development and Social Services
260 _aLusaka :
_bMinistry of Community Development and Social Services,
_c2022.
300 _a52 pages :
_billustrations.
650 _a Child labour
_xChild particpation
_zZambia.
650 _aCommunity development.
942 _cGOV-PUBS